Paroles de 'Nuit de folies' de Début de soirée - Statistiques

Statistiques générales
  • Ce quiz a été pris 1 527 fois
  • Le résultat moyen est 433 sur 538
Statistiques - réponses
Paroles % Correct
de
99%
la
96%
La
96%
nuit
96%
le
95%
Le
95%
t'a
95%
ta
95%
te
95%
tu
95%
Tu
95%
ce
94%
Ce
94%
Et
94%
et
94%
folie
94%
qui
94%
bout
93%
ces
93%
c'est
93%
C'est
93%
En
93%
en
93%
à
91%
a
91%
d'aimer
91%
façon
91%
jusqu'au
91%
plaît
91%
tapes,
91%
chantes,
90%
chantes
90%
du
90%
refrain
90%
rythme
90%
toi
90%
Toi
90%
t'entraîne
89%
dans
87%
d'un
87%
Réveille
87%
musique
86%
tourbillon
86%
un
86%
vent
86%
au
84%
que
84%
se
84%
pour
83%
pas
81%
Pas
81%
son
81%
des
80%
tes
80%
Tes
80%
une
79%
Une
79%
ça
78%
est
77%
fait
75%
fond
75%
Ton
75%
ton
75%
vie
75%
Y’a
75%
y’a
75%
les
74%
Les
74%
danses
73%
dis
73%
doigts
73%
vive
73%
il
72%
qu'on
72%
saison
72%
On
71%
on
71%
sens
69%
faite
68%
mon
68%
plus
68%
Plus
68%
sans
68%
Sans
68%
donnée
65%
piste
65%
si
64%
accords
63%
cadence
63%
danseurs
63%
décibels
63%
haut
63%
majeurs
63%
cœur
62%
connaîtras
62%
soir
61%
donnes
60%
funk
60%
Je
60%
trouvé
60%
américaine
59%
idées
59%
mélodie
59%
noires
59%
nous
59%
point
59%
vers
59%
Tant
58%
chaud
57%
grâce
57%
mains
57%
Mais
57%
nos
57%
notes
57%
choses
56%
chanter
55%
d'une
55%
monte
55%
placard
54%
ennui
53%
marchant
53%
check-up
51%
café
50%
était
50%
mal
50%
t'emmène
50%
commencée
49%
danser
49%
guitare
49%
monde,
49%
pourront
49%
ranges
49%
renversé
49%
saphir
49%
bien
48%
journée
48%
pick-up
48%
Quand
48%
basse
47%
délire,
47%
reviendrons
47%
moments-là
46%
ne
46%
mes
45%
funky
44%
dessines
42%
tempo
42%
tiens
42%
batteur
41%
choc
41%
frappe
40%
sentais
40%
souvenirs,
40%
va
39%
j'avais
35%
caisse
34%
cassée
33%
détalé
33%
gomme
33%
mourir
33%
s'éclate
33%
sucre
33%
tard
33%
tombé,
33%
choqué,
32%
choque
32%
sait
32%
tous
32%
soupir
31%
sourire,
31%
dernier
30%
disc
30%
jockey
30%
peut
30%
succès
30%
vieux
29%
chacun
28%
Lorsqu'on
28%
Mettant
28%
avant
27%
car
27%
trépasser,
25%
gardé
21%
chromes
20%
craquent
20%
souffle
18%
flashes
17%
voir
17%
sort
11%
Aucun quiz correspondant
Distribution des résultats
% des personnes avec chaque résultat
Percentile par nombre de réponses
Votre historique - résultats
Vous n’avez pas pris ce quiz